000 00436nam a22001697a 4500
003 NUST - PNEC
005 20170116180934.0
008 150906b xxu||||| |||| 00| 0 eng d
020 _a0070932980
040 _cLIBRARY
082 _a621.3133 MYC
100 _98368
_aMychael, Arthur
245 _aA.C. machines
_cArthur Mychael
260 _cc.1977
650 _98374
_aElectric machinery--Alternating current
_xME
942 _2ddc
_cBK
999 _c65965
_d65965